LEADER 02510nam 2200421 450 001 9910794475003321 005 20210907110640.0 010 $a1-00-304811-0 010 $a1-003-04811-0 010 $a1-000-24582-9 035 $a(CKB)4100000011570846 035 $a(MiAaPQ)EBC6389881 035 $a(EXLCZ)994100000011570846 100 $a20201208d2021 uy 0 101 0 $aeng 135 $aurcnu|||||||| 181 $ctxt$2rdacontent 182 $cc$2rdamedia 183 $acr$2rdacarrier 200 00$aForensic and clinical forensic autopsy $ean atlas and handbook /$fedited by Cristoforo Pomara and Vittorio Fineschi 205 $aSecond edition. 210 1$aBoca Raton, Florida ;$aLondon ;$aNew York :$cCRC Press,$d[2021] 210 4$dİ 2021 215 $a1 online resource (229 pages) 311 $a0-367-33071-7 330 $a"All too often, forensic pathologists perform autopsies that are limited only to the body parts that are suspect, leading to biased and inaccurate results. A correct diagnosis for cause of death can only be reached by a strict and systematic examination of the whole body. Forensic and Clinical Forensic Autopsy: An Atlas and Handbook, Second Edition provides a step-by-step, photo-assisted guide illustrating the complete autopsy, from pre- through postautopsy procedures. Chapters look at external cadaver examiner, organ removal methods, laboratory procedures including recording and imaging techniques, microscopy applications, pediatric and fetal autopsies, and checking for genetic disease and DNA diagnosis. New chapters and sections to this edition cover histology and immunohistochemistry, in addition to added coverage on forensic anthropology and molecular autopsy. From macroscopic to microscopic approaches, this volume provides detailed guidelines for performance of autopsy on every part of the human body. Using these standardized protocols and with the proper knowledge, training, and experience, pathologists-and students of pathology and forensic pathology-can rely on this book to help them develop the skills needed to become experts in their field"--$cProvided by publisher. 606 $aAutopsy$xmethods 615 2$aAutopsy$xmethods 676 $a616.07 702 $aPomara$b Cristoforo 702 $aFineschi$b Vittorio 801 0$bMiAaPQ 801 1$bMiAaPQ 801 2$bMiAaPQ 906 $aBOOK 912 $a9910794475003321 996 $aForensic and clinical forensic autopsy$93865599 997 $aUNINA LEADER 03283nam 2200553 450 001 9910820071403321 005 20220714220051.0 035 $a(CKB)3710000001386833 035 $a(Au-PeEL)EBL4865310 035 $a(CaPaEBR)ebr11389808 035 $a(OCoLC)988869820 035 $a(MiAaPQ)EBC4865310 035 $a(EXLCZ)993710000001386833 100 $a20170620h20172017 uy 0 101 0 $aeng 135 $aurcnu|||||||| 181 $2rdacontent 182 $2rdamedia 183 $2rdacarrier 200 10$aBasic skills in interpreting laboratory data /$fMary Lee 205 $aSixth edition. 210 1$aBethesda, Maryland :$cAmerican Society of Health-System Pharmacists,$d2017. 210 4$dİ2017 215 $a1 online resource (688 pages) $cillustrations 311 $a1-58528-548-X 311 $a1-58528-549-8 320 $aIncludes bibliographical references and index. 327 $aDefinitions and concepts / Karen J. Tietze -- Introduction to common laboratory assays and technology / Nicholas M. Moore -- Primer on drug interferences with test results / Mary Lee -- Point-of-care testing / Paul Gubbins, Heather Lyons-Burney -- Substance abuse and toxicological tests / Peter A. Chyka -- Interpretation of serum drug concentrations / Jacklyn Boyle, Janis J. Mackichan, and Riane J. Ghamrawi -- Pharmacogenomics and molecular testing / Amber L. Beitelshees and Rosane Charlab -- The heart : laboratory tests and diagnostic procedures / Wafa Y. Dahdal and Samir Y. Dahdal -- Lipid disorders / Jill S. Borchert and Kathy E. Komperda -- Endocrine disorders / Eva M. Vivian -- The kidneys / Dominick P. Trombetta -- Electrolytes, other minerals, and trace elements / Lingtak-Neander Chan -- Arterial blood gases and acid-base balance / Jeffrey Barletta -- Pulmonary function and related tests / Lori A. Wilken and Min J. Joo -- Liver and gastroenterology tests / Paul Farkas, Joanna Sampson, Barry Slitzky, Jason M. Altman, Jamie Jenson, and Brian Altman -- Hematology : red and white blood cell tests / Paul R. Hutson -- Hematology : blood coagulation tests / Lea E. Dela Pea?na -- Infectious diseases / Sharon M. Erdman, Rodrigo M. Burgos, and Keith A. Rodvold -- Rheumatologic diseases / Terry L. Schwinghammer and Susan Bruce -- Cancers and tumor markers / Patrick J. Medina and Sarah Hopps -- Interpreting pediatric laboratory data / Donna M. Kraus -- Women's health / Candace S. Brown, Candi Bachour -- Men's health / Mary Lee and Roohollah Sharifi. 606 $aExaminations$xInterpretation 606 $aDiagnosis, Laboratory 606 $aClinical Laboratory Techniques 606 $aReference Values 606 $aClinical Laboratory Services 615 0$aExaminations$xInterpretation. 615 0$aDiagnosis, Laboratory. 615 12$aClinical Laboratory Techniques. 615 22$aReference Values. 615 22$aClinical Laboratory Services. 676 $a616.07/5 700 $aLee$b Mary$01659323 702 $aLee$b Mary$g(Mary Wu-Len), 712 02$aAmerican Society of Health-System Pharmacists, 801 0$bMiAaPQ 801 1$bMiAaPQ 801 2$bMiAaPQ 906 $aBOOK 912 $a9910820071403321 996 $aBasic skills in interpreting laboratory data$94013907 997 $aUNINA LEADER 01461nas 22004333a 450 001 996335986803316 005 20240202213016.0 011 $a1532-466X 035 $a(OCoLC)49348915 035 $a(CKB)110994185112090 035 $a(CONSER)--2002211101 035 $a(EXLCZ)99110994185112090 100 $a20020320a20009999 s-- a 101 0 $aeng 135 $aurcnu|||||||| 181 $ctxt$2rdacontent 182 $cc$2rdamedia 183 $acr$2rdacarrier 200 10$aExploring Windows NT for professionals 210 $aRochester, N.Y. $cElement K Journals 311 $a1532-446X 517 3 $aExploring Windows NT 517 3 $aWindows NT 531 0 $aExplor. Windows NT prof. 606 $aMicrosoft Windows NT device drivers (Computer programs)$vPeriodicals 606 $aWindows (Computer programs)$vPeriodicals 606 $aMicrosoft Windows NT device drivers (Computer programs)$2fast$3(OCoLC)fst01020086 606 $aWindows (Computer programs)$2fast$3(OCoLC)fst01175812 608 $aPeriodicals.$2fast 608 $aPeriodicals.$2lcgft 615 0$aMicrosoft Windows NT device drivers (Computer programs) 615 0$aWindows (Computer programs) 615 7$aMicrosoft Windows NT device drivers (Computer programs) 615 7$aWindows (Computer programs) 676 $a005 906 $aJOURNAL 912 $a996335986803316 996 $aExploring Windows NT for professionals$92379939 997 $aUNISA